Engineering a compiler / (Record no. 18622)
[ view plain ]
| 000 -LEADER | |
|---|---|
| fixed length control field | 00857cam a2200265 a 4500 |
| 001 - CONTROL NUMBER | |
| control field | 16743984 |
| 005 - DATE AND TIME OF LATEST TRANSACTION | |
| control field | 20141116120526.0 |
| 008 - FIXED-LENGTH DATA ELEMENTS--GENERAL INFORMATION | |
| fixed length control field | 110420t2012 xxuak frb 001 0 eng d |
| 010 ## - LIBRARY OF CONGRESS CONTROL NUMBER | |
| LC control number | 2011288670 |
| 020 ## - INTERNATIONAL STANDARD BOOK NUMBER | |
| International Standard Book Number | 9780120884780 |
| 040 ## - CATALOGING SOURCE | |
| Original cataloging agency | DLC |
| Transcribing agency | DLC |
| Modifying agency | DLC |
| -- | EG-ScBUE |
| 082 00 - DEWEY DECIMAL CLASSIFICATION NUMBER | |
| Edition number | 22 |
| Classification number | 005.453 |
| Item number | COO |
| 100 1# - MAIN ENTRY--PERSONAL NAME | |
| Personal name | Cooper, Keith D. |
| Fuller form of name | (Keith Daniel) |
| 9 (RLIN) | 36539 |
| 245 10 - TITLE STATEMENT | |
| Title | Engineering a compiler / |
| Statement of responsibility, etc | Keith D. Cooper, Linda Torczon. |
| 250 ## - EDITION STATEMENT | |
| Edition statement | 2nd ed. |
| 260 ## - PUBLICATION, DISTRIBUTION, ETC. (IMPRINT) | |
| Place of publication, distribution, etc | Burlington, United States : |
| Name of publisher, distributor, etc | Morgan Kaufmann, |
| -- | Elsevier, |
| Date of publication, distribution, etc | c.2012. |
| 300 ## - PHYSICAL DESCRIPTION | |
| Extent | xxiii, 800 p. : |
| Other physical details | forms, tables ; |
| Dimensions | 25 cm. |
| 500 ## - GENERAL NOTE | |
| General note | Index : p. 787-800. |
| 504 ## - BIBLIOGRAPHY, ETC. NOTE | |
| Bibliography, etc | Bibliography : p. 765-785. |
| 650 #0 - SUBJECT ADDED ENTRY--TOPICAL TERM | |
| Topical term or geographic name as entry element | Compilers (Computer programs) |
| 9 (RLIN) | 13036 |
| 653 ## - INDEX TERM--UNCONTROLLED | |
| Resource For college | Informatics and Computer Science |
| Arrived date list | November2014 |
| 655 ## - INDEX TERM--GENRE/FORM | |
| Form subdivision | |
| -- | 34232 |
| 700 1# - ADDED ENTRY--PERSONAL NAME | |
| Personal name | Torczon, Linda |
| 9 (RLIN) | 36540 |
| 942 ## - ADDED ENTRY ELEMENTS (KOHA) | |
| Source of classification or shelving scheme | Dewey Decimal Classification |
| Call number prefix | 005.453 COO |
| Withdrawn status | Item status | Source of classification or shelving scheme | Damaged status | Not for loan | Vendor | Home library | Current library | Shelving location | Date acquired | Source of acquisition | Cost, normal purchase price | Serial Enumeration / chronology | Total Checkouts | Total Renewals | Full call number | Barcode | Date last seen | Date last borrowed | Cost, replacement price | Koha item type |
|---|---|---|---|---|---|---|---|---|---|---|---|---|---|---|---|---|---|---|---|---|
| Dewey Decimal Classification | Baccah | Central Library | Central Library | Lower Floor | 16/11/2014 | 600.00 | 20677 | 1 | 2 | 005.453 COO | 000037004 | 15/07/2025 | 26/01/2025 | 750.00 | Book - Borrowing |